Pokémon Missing Word: Indigo League Episodes Quiz Stats

 Plays Quiz not verified by Sporcle

Challenge
Share
Tweet
Embed
Score 0/26 Timer 04:00
0 Plays Today
Title Missing Pokémon % Correct
________ and the Moon StoneClefairy
94.7%
Here Comes the ________ Squad!Squirtle
91.2%
Bye Bye ________Butterfree
89.5%
Dig Those ________Diglett
87.7%
The Song of ________Jigglypuff
84.2%
________ Goes BananasPrimeape
78.9%
________ - the Stray PokémonCharmander
77.2%
The Battling ________ BrothersEevee
75.4%
________ and the Hidden VillageBulbasaur
73.7%
________ and the Psychic ShowdownAbra
73.7%
________'s GoodbyePikachu
73.7%
Who Gets to Keep ________?Togepi
71.9%
So Near, Yet So ________Farfetch'd
66.7%
Title Missing Pokémon % Correct
Sparks Fly for ________Magnemite
64.9%
The ________ KidKangaskhan
64.9%
The March of the ________ SquadExeggutor
63.2%
________'s NaptimeHypno
59.6%
________'s Mysterious MansionDitto
56.1%
A ________ OperationChansey
54.4%
________'s Mysterious GardenBulbasaur
52.6%
The Problem with ________Paras
49.1%
Beach Blank-Out ________Blastoise
49.1%
Go West Young ________Meowth
49.1%
Make Room for ________Gloom
40.4%
It's ________ TimeMr. Mime
35.1%
________ TalesClefairy
33.3%

You're not logged in!

Compare scores with friends on all Sporcle quizzes.
Join for Free
OR
Log In

You Might Also Like...

Show Comments

Extras

Top Quizzes Today


Score Distribution

Your Account Isn't Verified!

In order to create a playlist on Sporcle, you need to verify the email address you used during registration. Go to your Sporcle Settings to finish the process.

Report this User

Report this user for behavior that violates our Community Guidelines.

Details: